Countries with the most coronavirus tests - Statistics

General Stats
  • This quiz has been taken 16 times
    5 since last reset
  • The average score is 15 of 20
Answer Stats
No. of Tests Country % Correct
20,804,647 Australia
100%
53,209,627 Brazil
100%
36,768,392 Canada
100%
160,000,000 China
100%
93,089,184 France
100%
63,813,168 Germany
100%
71,583,206 Italy
100%
150,121,327 Russia
100%
52,691,812 Spain
100%
212,221,289 United Kingdom
100%
506,159,128 United States
100%
412,021,494 India
75%
20,079,271 Indonesia
75%
60,786,975 Turkey
75%
23,308,926 Iran
50%
55,451,224 Austria
25%
68,626,438 Denmark
25%
21,902,140 Saudi Arabia
25%
58,026,680 United Arab Emirates
25%
29,875,529 Czech Republic
0%
No matching quizzes found
Score Distribution
Percent of People with Each Score
Percentile by Number Answered
Your Score History
You have not taken this quiz since the last reset